[Event "EU-ch Seniors 65 19th"]
[Site "Rhodes"]
[Date "2019.04.07"]
[Round "2"]
[White "Webster, Jim J"]
[Black "Hewson, Brian Wr"]
[Result "0-1"]
[WhiteElo "1773"]
[BlackElo "2004"]
[PlyCount "47"]
[EventDate "2019.04.06"]
[EventType "swiss"]
[EventRounds "9"]
[EventCountry "GRE"]
[SourceTitle "CBM 189 Extra"]
[Source "ChessBase"]
[SourceDate "2019.06.03"]
[SourceVersion "1"]
[SourceVersionDate "2019.06.03"]
[SourceQuality "1"]

1. d4 Nf6 2. c4 c5 3. Nf3 cxd4 4. Nxd4 Nc6 5. Nxc6 bxc6 6. Nc3 g6 7. g3 Bg7 8. Bg2 0-0 9. 0-0 Rb8 10. Rb1 Qc7 11. e4 d6 12. Qc2 Nd7 13. b3 Nc5 14. Be3 Qa5 15. Bd2 Ne6 16. Ne2 Qa6 17. Be3 c5 18. Rbd1 Qa5 19. Bd2 Qb6 20. Bc3 Bxc3 21. Nxc3 Nd4 22. Qd2 Be6 23. Rde1 Qb4 24. Rd1 0-1

[Event "Wch Seniors 65 28th"]
[Site "Bled"]
[Date "2018.11.22"]
[Round "5"]
[White "Webster, Jim J"]
[Black "Gibbons, Robert"]
[Result "1/2-1/2"]
[WhiteElo "1730"]
[BlackElo "1914"]
[PlyCount "43"]
[EventDate "2018.11.18"]
[EventType "swiss"]
[EventRounds "11"]
[EventCountry "SLO"]
[SourceTitle "CBM 187 Extra"]
[Source "ChessBase"]
[SourceDate "2018.11.04"]
[SourceVersion "1"]
[SourceVersionDate "2018.11.04"]
[SourceQuality "1"]

1. d4 d5 2. c4 e6 3. Nc3 Nf6 4. cxd5 exd5 5. Bg5 Be7 6. Qc2 h6 7. Bxf6 Bxf6 8. e3 0-0 9. Bd3 c6 10. Nge2 Be7 11. 0-0 Nd7 12. Rad1 Nf6 13. f3 Be6 14. Rde1 Rc8 15. Nf4 Qd7 16. Nxe6 fxe6 17. Qe2 Rcd8 18. f4 Bb4 19. Rc1 Bxc3 20. bxc3 b5 21. Qc2 Qd6 22. Rce1 1/2-1/2

[Event "EU-chT Seniors 50"]
[Site "Walbrzych"]
[Date "2018.04.20"]
[Round "7.4"]
[White "Czyz, Andrzej"]
[Black "Webster, Jim J"]
[Result "1-0"]
[WhiteElo "1999"]
[BlackElo "1769"]
[PlyCount "81"]
[EventDate "2018.04.14"]
[EventType "team-swiss"]
[EventRounds "9"]
[EventCountry "POL"]
[SourceTitle "CBM 184 Extra"]
[Source "ChessBase"]
[SourceDate "2018.06.28"]
[SourceVersion "1"]
[SourceVersionDate "2018.06.28"]
[SourceQuality "1"]
[WhiteTeam "Poland Wschowa 50"]
[BlackTeam "Scotland 50"]
[WhiteTeamCountry "POL"]
[BlackTeamCountry "SCO"]

1. f4 c5 2. e4 Nc6 3. Nf3 d6 4. Bc4 Nf6 5. Nc3 e6 6. 0-0 Be7 7. d3 0-0 8. Kh1 a6 9. a4 b6 10. Be3 Bb7 11. Bb3 Qd7 12. Qd2 Na5 13. Ba2 b5 14. e5 Ne8 15. Ne4 Bxe4 16. dxe4 Qc7 17. Rfd1 Rd8 18. Qe1 Nb7 19. a5 Qc6 20. Bf2 Nc7 21. c4 bxc4 22. Bxc4 d5 23. Bd3 Nb5 24. f5 c4 25. Bc2 Bc5 26. Bxc5 Nxc5 27. exd5 exd5 28. Qh4 Qh6 29. Qg4 g6 30. e6 fxe6 31. fxe6 Rf4 32. e7 Re8 33. Qg3 Rxe7 34. Rxd5 Ne4 35. Bxe4 Rexe4 36. Rad1 Re8 37. Ng5 Rff8 38. Rd7 c3 39. Rxh7 Qxg5 40. Qxg5 Re6 41. Qh6 1-0

[Event "EU-chT Seniors 50"]
[Site "Walbrzych"]
[Date "2018.04.15"]
[Round "2.4"]
[White "Webster, Jim J"]
[Black "Sihvonen, Tuomo"]
[Result "0-1"]
[WhiteElo "1769"]
[BlackElo "1988"]
[PlyCount "72"]
[EventDate "2018.04.14"]
[EventType "team-swiss"]
[EventRounds "9"]
[EventCountry "POL"]
[SourceTitle "CBM 184 Extra"]
[Source "ChessBase"]
[SourceDate "2018.06.28"]
[SourceVersion "1"]
[SourceVersionDate "2018.06.28"]
[SourceQuality "1"]
[WhiteTeam "Scotland 50"]
[BlackTeam "Finland Culture Chess 50"]
[WhiteTeamCountry "SCO"]
[BlackTeamCountry "FIN"]

1. d4 d5 2. c4 c6 3. cxd5 cxd5 4. Nc3 Nc6 5. Bf4 a6 6. Nf3 Nf6 7. e3 Nh5 8. Bg3 Nxg3 9. hxg3 e6 10. a3 Bd7 11. Bd3 g6 12. Qe2 Bg7 13. 0-0 0-0 14. Rfd1 b5 15. Bc2 Qb6 16. Rac1 Na5 17. b3 b4 18. Na4 Bxa4 19. bxa4 bxa3 20. Rb1 Qd6 21. Qe1 Nc4 22. Rd3 Rfb8 23. Rxb8+ Rxb8 24. Rb3 a5 25. Qb1 Rb4 26. Qa2 Qb6 27. Bd1 Bf8 28. Bc2 Bd6 29. Kh2 f5 30. Bd1 Kg7 31. Ne1 Nb2 32. Bc2 Rxb3 33. Bxb3 Qb4 34. Nf3 Kf6 35. Kh3 g5 36. g4 h5 0-1

[Event "Jersey op"]
[Site "St Clement Bay"]
[Date "2017.04.03"]
[Round "3"]
[White "Webster, Jim J"]
[Black "Pleasants, Allan J"]
[Result "1/2-1/2"]
[WhiteElo "1807"]
[BlackElo "1982"]
[PlyCount "49"]
[EventDate "2017.04.01"]
[EventType "swiss"]
[EventRounds "9"]
[EventCountry "GCI"]
[SourceTitle "CBM 177 Extra"]
[Source "ChessBase"]
[SourceDate "2017.04.27"]
[SourceVersion "1"]
[SourceVersionDate "2017.04.27"]
[SourceQuality "1"]

1. d4 g6 2. c4 Bg7 3. Nc3 d6 4. e4 Nf6 5. f3 0-0 6. Bg5 c5 7. d5 e6 8. Qd2 exd5 9. cxd5 Qa5 10. Rc1 Re8 11. Nge2 a6 12. Ng3 b5 13. b3 Bd7 14. Be2 b4 15. Nd1 Bb5 16. 0-0 Nbd7 17. a4 Bxe2 18. Nxe2 Ne5 19. Ne3 Rac8 20. Nc4 Nxc4 21. Rxc4 Qd8 22. Qd3 Rc7 23. Kh1 Rce7 24. g4 Qd7 25. Rg1 1/2-1/2

[Event "Wch Seniors 65 26th"]
[Site "Marianske Lazne"]
[Date "2016.11.19"]
[Round "1"]
[White "Mlynek, Petr"]
[Black "Webster, Jim J"]
[Result "1-0"]
[WhiteElo "2139"]
[BlackElo "1815"]
[PlyCount "59"]
[EventDate "2016.11.19"]
[EventType "swiss"]
[EventRounds "11"]
[EventCountry "CZE"]
[SourceTitle "CBM 175 Extra"]
[Source "ChessBase"]
[SourceDate "2016.12.12"]
[SourceVersion "1"]
[SourceVersionDate "2016.12.12"]
[SourceQuality "1"]

1. d4 d5 2. c4 c6 3. Nc3 Nf6 4. e3 a6 5. b3 e6 6. Nf3 Bb4 7. Bd2 0-0 8. Bd3 h6 9. 0-0 Nbd7 10. a3 Bd6 11. Qc2 Qe7 12. b4 b5 13. c5 Bc7 14. e4 dxe4 15. Nxe4 Nxe4 16. Bxe4 Bb7 17. Rfe1 Nf6 18. Ne5 Bxe5 19. dxe5 Nxe4 20. Rxe4 Rad8 21. Rg4 Rxd2 22. Qxd2 f5 23. Rd4 Qc7 24. f4 Bc8 25. Rd1 Rf7 26. Rd8+ Kh7 27. Qd6 Qb7 28. h4 h5 29. Rd3 g6 30. Re8 1-0

[Event "EU-chT Seniors 65"]
[Site "Chalkidiki"]
[Date "2016.04.20"]
[Round "2.4"]
[White "Fernengel, Rudolf"]
[Black "Webster, Jim J"]
[Result "1/2-1/2"]
[WhiteElo "1792"]
[BlackElo "1844"]
[PlyCount "52"]
[EventDate "2016.04.19"]
[EventType "team-tourn"]
[EventRounds "9"]
[EventCountry "GRE"]
[SourceTitle "CBM 172 Extra"]
[Source "ChessBase"]
[SourceDate "2016.06.21"]
[SourceVersion "1"]
[SourceVersionDate "2016.06.21"]
[SourceQuality "1"]
[WhiteTeam "Stiftung BSW/DBAG"]
[BlackTeam "Scotland II"]
[WhiteTeamCountry "GER"]
[BlackTeamCountry "SCO"]

1. Nf3 d5 2. d4 Nf6 3. c4 c6 4. Nc3 Bf5 5. cxd5 cxd5 6. Qb3 Bc8 7. Bg5 e6 8. e3 a6 9. Rc1 Be7 10. Bd3 0-0 11. 0-0 Nbd7 12. Bb1 h6 13. Bh4 Re8 14. Qc2 Nf8 15. Ne5 N6d7 16. Bxe7 Qxe7 17. Nd3 b6 18. Qe2 Bb7 19. Rc2 Rac8 20. Rfc1 Qd6 21. Na4 Rxc2 22. Rxc2 Rc8 23. Rxc8 Bxc8 24. Qc2 Bb7 25. Qc3 f6 26. f4 f5 1/2-1/2

[Event "Jersey Holiday op"]
[Site "St Clement Bay"]
[Date "2015.03.18"]
[Round "5"]
[White "Webster, Jim J"]
[Black "Wilson, David"]
[Result "1-0"]
[WhiteElo "1599"]
[BlackElo "1740"]
[PlyCount "111"]
[EventDate "2015.03.15"]
[EventType "swiss"]
[EventRounds "7"]
[EventCountry "GCI"]
[SourceTitle "EXT 2018"]
[Source "ChessBase"]
[SourceDate "2017.10.13"]
[SourceVersion "1"]
[SourceVersionDate "2017.10.13"]
[SourceQuality "1"]

1. d4 c6 2. c4 d6 3. Nc3 Qc7 4. Nf3 Bg4 5. g3 Nd7 6. Bg2 e5 7. 0-0 Ngf6 8. dxe5 dxe5 9. Qc2 Bc5 10. a3 a5 11. Ne4 Be7 12. Bd2 0-0 13. Bc3 Kh8 14. Nxf6 Bxf6 15. e4 g6 16. Rad1 Rad8 17. h3 Bxf3 18. Bxf3 b5 19. Bd2 Qb6 20. Be3 Qa6 21. cxb5 Qxb5 22. Be2 Qb7 23. Rd6 c5 24. Rfd1 Be7 25. R6d5 Nf6 26. Rxd8 Rxd8 27. Rxd8+ Bxd8 28. Bf3 Bb6 29. Bg5 Ng8 30. Be3 Kg7 31. Bxc5 Qc7 32. b4 Nf6 33. Bd1 Nd7 34. Bxb6 Qxc2 35. Bxc2 Nxb6 36. bxa5 Nc8 37. Kf1 Kf6 38. Ke2 Ke7 39. Kd3 Kd6 40. Kc4 Na7 41. f4 f6 42. Ba4 h6 43. Be8 g5 44. fxg5 fxg5 45. g4 Ke7 46. Bg6 Kd6 47. Bf7 Kc6 48. Bd5+ Kc7 49. Kc5 Kd7 50. a6 Kc7 51. a4 Nc8 52. a5 Na7 53. Bb7 Kb8 54. Kb6 Nc8+ 55. Bxc8 Kxc8 56. a7 1-0

[Event "Jersey Holiday op"]
[Site "St Clement Bay"]
[Date "2015.03.17"]
[Round "4"]
[White "Webster, Jim J"]
[Black "Gurner, Jem"]
[Result "1-0"]
[WhiteElo "1599"]
[BlackElo "1300"]
[PlyCount "93"]
[EventDate "2015.03.15"]
[EventType "swiss"]
[EventRounds "7"]
[EventCountry "GCI"]
[SourceTitle "EXT 2018"]
[Source "ChessBase"]
[SourceDate "2017.10.13"]
[SourceVersion "1"]
[SourceVersionDate "2017.10.13"]
[SourceQuality "1"]

1. d4 Nf6 2. c4 e6 3. Nf3 d5 4. Nc3 Bb4 5. e3 Ne4 6. Qc2 Nxc3 7. bxc3 Be7 8. Bd3 h6 9. 0-0 0-0 10. cxd5 exd5 11. Rb1 b6 12. Re1 Nc6 13. e4 Bg4 14. Nd2 Bg5 15. exd5 Bxd2 16. Bxd2 Ne7 17. c4 Qd7 18. Bb4 Rfe8 19. Bxe7 Rxe7 20. f3 Bh5 21. Qf2 Rae8 22. Rxe7 Qxe7 23. Rb2 Qg5 24. Re2 Rxe2 25. Qxe2 Bg6 26. Bxg6 Qxg6 27. Qe8+ Kh7 28. Qe4 Qxe4 29. fxe4 Kg6 30. Kf2 Kg5 31. Kf3 a5 32. c5 Kf6 33. d6 Ke6 34. dxc7 Kd7 35. cxb6 g5 36. d5 h5 37. h3 a4 38. Ke3 a3 39. Kd4 f6 40. Kc5 g4 41. hxg4 hxg4 42. g3 f5 43. exf5 Kc8 44. f6 Kb7 45. f7 Kc8 46. f8Q+ Kd7 47. c8Q# 1-0